Questions diverses sur Pokémon #2 - Statistiques

Statistiques générales
  • Ce quiz a été pris 46 fois
  • Le résultat moyen est 10 sur 15
Statistiques - réponses
Question Réponse % Correct
Zeraora est le seul Fabuleux d'un Type précis, lequel ? Électrik
100%
Parmi ces régions, dans laquelle Goupix n'est pas diponible Kalos
100%
Lequel de ces objets est apparu dans la 9ème génération ? La Pomme
100%
Quel est le seul Pokémon à avoir plsuieurs formes régionales ? Miaouss
100%
Quel est le seul Pokémon à devenir asexué en évoluant ? Ningale
100%
Lequel de ces titres de jeu Pokémon Donjon Mystère est inventé ? Aventures de l'Ombre
50%
Quel est le Pokémon avec le niveau d'évolution le plus élevé, 64 ? Diamat
50%
Parmi ces Types de cartes rares, lequel n'existe pas ? MYSTIQUE
50%
Quel est le seul Pokémon possédant une famille évolutive en branche qu'il atteint exclusivement grâce à des pierres évolutives ? Ortide
50%
Laquelle de ces extensions de cartes Pokémons n'existe pas ? Source Nouvelle
50%
Lequel de ces Pokémons n'est pas recrutable dans Pokémon Café Remix ? Sucreine
50%
Il y a certains Pokémons exclusifs à une des versions du jeu, lequel de ces Pokémons de la 5ème génération n'en fait pas partie ? Trioxhydre
50%
Quel est le Type à avoir attendu le plus longtemps avant d'avoir un réprésentant pur ? En comptant que le premier Pokémon de Type Fée soit Mélofée. Vol
50%
Lequel de ces Types ne fait pas partie du JCC ? Vol
50%
Quelle est la seule génération à posséder plusieurs Pseudo-Légendaires ? 3ème
0%
Aucun quiz correspondant
Distribution des résultats
% des personnes avec chaque résultat
Percentile par nombre de réponses
Votre historique - résultats
Vous n’avez pas pris ce quiz